[Event "5. Kaltern-Trophy 2022 Open B"]
[Site "Kaltern"]
[Date "2022.10.23"]
[Round "4"]
[Board "20"]
[White "Cebanu, Alice"]
[Black "Anrather, Eva"]
[Result "1-0"]
[WhiteElo "1354"]
[BlackElo "1498"]
[PlyCount "66"]
[EventDate "2022.10.21"]
[EventRounds "5"]
[EventCountry "ITA"]

1. e4 e5 2. Nf3 Nf6 3. Nxe5 d6 4. Nf3 Nxe4 5. Nc3 Nf6 6. d4 d5 7. h3 h6 8. Bd3 Bb4
9. Bd2 Nc6 10. a3 Ba5 11. O-O O-O 12. Re1 Bb6 13. Be3 a6 14. Qd2 Ne7 15. Ne2 Bf5
16. Ng3 Bxd3 17. Qxd3 c6 18. Re2 Bc7 19. Ne5 Nd7 20. Rae1 Nxe5 21. dxe5 b6 22. f4
c5 23. c4 d4 24. Bd2 b5 25. cxb5 Qd5 26. bxa6 c4 27. Qe4 Rfb8 28. Bb4 Rxb4 29. axb4
d3 30. Qxd5 Nxd5 31. Rd2 Bb6+ 32. Kf1 Ne3+ 33. Rxe3 Bxe3  1-0

[Event "5. Kaltern-Trophy 2022 Open B"]
[Site "Kaltern"]
[Date "2022.10.23"]
[Round "4"]
[Board "21"]
[White "Gasparro, Antonio"]
[Black "Cavallaro, Manlio"]
[Result "1/2-1/2"]
[WhiteElo "1569"]
[BlackElo "1292"]
[PlyCount "73"]
[EventDate "2022.10.21"]
[EventRounds "5"]
[EventCountry "ITA"]

1. d4 d5 2. Nf3 Nf6 3. e3 Bg4 4. c4 e6 5. Nc3 c6 6. h3 Bh5 7. g4 Bg6 8. Ne5 Be4 9.
Nxe4 Nxe4 10. Bg2 Bb4+ 11. Ke2 Nf6 12. c5 Nbd7 13. Nd3 Ba5 14. Bd2 Bc7 15. f4 h6
16. Rf1 Qe7 17. Qe1 Ne4 18. Bxe4 dxe4 19. Ne5 Bxe5 20. fxe5 O-O 21. Qf2 a5 22. Qg2
b6 23. cxb6 Nxb6 24. Rac1 c5 25. Qxe4 cxd4 26. exd4 Rfd8 27. Be3 Qb4 28. Rfd1 Rd5
29. Rc2 Rad8 30. Rcd2 Qe7 31. Qf3 Qb4 32. Qe4 Qc4+ 33. Kf3 Qxa2 34. b4 Qa4 35. bxa5
Qxa5 36. Rd3 Rc8 37. h4  1/2-1/2

[Event "5. Kaltern-Trophy 2022 Open B"]
[Site "Kaltern"]
[Date "2022.10.23"]
[Round "4"]
[Board "22"]
[White "Ribechi, Federico"]
[Black "Agolzer, Luca"]
[Result "1-0"]
[WhiteElo "999"]
[BlackElo "1369"]
[PlyCount "44"]
[EventDate "2022.10.21"]
[EventRounds "5"]
[EventCountry "ITA"]

1. e4 c5 2. Nf3 d6 3. Bc4 Nf6 4. c3 Nc6 5. d3 e6 6. O-O Be7 7. a3 O-O 8. Bg5 h6 9.
Bh4 d5 10. exd5 exd5 11. Ba2 Be6 12. Re1 Re8 13. Nbd2 Rc8 14. Rc1 Nd7 15. Bg3 Bf6
16. h3 d4 17. Bxe6 fxe6 18. Nc4 Be7 19. Rxe6 Bf8 20. Qe2 b5 21. Nd6 Bxd6 22. Bxd6
Nce5  1-0

[Event "5. Kaltern-Trophy 2022 Open B"]
[Site "Kaltern"]
[Date "2022.10.23"]
[Round "4"]
[Board "23"]
[White "Kofler, Albin Ernst"]
[Black "Mitterholzer, Helmuth"]
[Result "1/2-1/2"]
[WhiteElo "1498"]
[BlackElo "1453"]
[PlyCount "46"]
[EventDate "2022.10.21"]
[EventRounds "5"]
[EventCountry "ITA"]

1. Nf3 d5 2. g3 Bf5 3. Bg2 Nf6 4. O-O e6 5. c4 Nbd7 6. cxd5 exd5 7. d4 h6 8. Nc3
c6 9. Re1 Be7 10. Ne5 O-O 11. e3 Nxe5 12. dxe5 Ne4 13. Nxe4 dxe4 14. Bd2 Qc7 15.
Bc3 Rad8 16. Qh5 Bh7 17. Qg4 Qc8 18. Qxc8 Rxc8 19. Rad1 Rcd8 20. Bh3 Rd3 21. Bf1
Rxd1 22. Rxd1 Rd8 23. Rd4 Rxd4  1/2-1/2

[Event "5. Kaltern-Trophy 2022 Open B"]
[Site "Kaltern"]
[Date "2022.10.23"]
[Round "5"]
[Board "1"]
[White "Casadio, Lorenzo"]
[Black "Lantschner, Carmen"]
[Result "1-0"]
[WhiteElo "1795"]
[BlackElo "1673"]
[PlyCount "75"]
[EventDate "2022.10.21"]
[EventRounds "5"]
[EventCountry "ITA"]

1. e4 d6 2. d4 g6 3. Nc3 Bg7 4. Be3 b6 5. Qd2 e6 6. O-O-O Nd7 7. h4 h6 8. Kb1 a6
9. Be2 b5 10. a3 Rb8 11. h5 g5 12. f4 gxf4 13. Bxf4 b4 14. axb4 Rxb4 15. Be3 c6 16.
Na2 Rb8 17. Bc4 a5 18. Nc3 Qb6 19. Bb3 Qb7 20. Qd3 Ngf6 21. Rh4 Qc7 22. Nge2 Rg8
23. Rf1 c5 24. dxc5 Nxc5 25. Bxc5 Qxc5 26. Rhf4 Rb7 27. g4 Nh7 28. Ba4+ Kf8 29. e5
Ng5 30. Rc4 Qb6 31. Rxc8+ Ke7 32. Qxd6+ Qxd6 33. exd6+ Kxd6 34. Rxg8 Be5 35. Ra8
Rb4 36. Ra6+ Kc7 37. Rxa5 Bg7 38. Rxg5  1-0

[Event "5. Kaltern-Trophy 2022 Open B"]
[Site "Kaltern"]
[Date "2022.10.23"]
[Round "5"]
[Board "2"]
[White "Wurzer, Gerhard"]
[Black "Unterweger, Jonas"]
[Result "0-1"]
[WhiteElo "1898"]
[BlackElo "1565"]
[PlyCount "136"]
[EventDate "2022.10.21"]
[EventRounds "5"]
[EventCountry "ITA"]

1. c3 d5 2. Qc2 Nf6 3. d3 c5 4. e4 Nc6 5. Nf3 e5 6. Nbd2 h6 7. Be2 Be6 8. Nf1 d4
9. Ng3 Be7 10. O-O O-O 11. Bd2 Ne8 12. Rab1 Bxa2 13. Ra1 Be6 14. Rfb1 Qc7 15. c4
Nf6 16. Ra3 Nd7 17. Qc1 Kh7 18. Rba1 a6 19. h3 Ndb8 20. Ne1 Bd6 21. Nf3 Ne7 22. Nh4
Ng6 23. Nhf5 Bxf5 24. Nxf5 Nf4 25. Bf1 g6 26. Nxd6 Qxd6 27. g3 Ne6 28. Bxh6 Rg8 29.
Bd2 g5 30. Bg2 Nc6 31. Qd1 Rg6 32. Qe2 Rag8 33. Kh2 Kg7 34. Qg4 Kf8 35. Rb3 Qc7 36.
Qe2 Rh8 37. Bf3 Qe7 38. Bg4 Rgh6 39. Kg2 Rg8 40. Rb6 Qc7 41. Rb3 Qe7 42. Rf1 Rhg6
43. Ra3 Qd8 44. Raa1 Qb6 45. Rab1 Qb3 46. Bf5 R6g7 47. h4 gxh4 48. Bh6 Nf4+ 49. Bxf4
exf4 50. g4 Ne5 51. f3 Qxd3 52. Qxd3 Nxd3 53. e5 Nxe5 54. b4 Nxc4 55. Kh3 Nd2 56.
bxc5 Nxf1 57. Rxf1 f6 58. Rb1 Rc7 59. Rb6 Kg7 60. Rd6 Rf8 61. Rxd4 Rxc5 62. Rxf4
b5 63. Kxh4 Rc4 64. Be4 b4 65. Rf5 Rxe4 66. fxe4 b3 67. Rf2 a5 68. g5 fxg5+  0-1

[Event "5. Kaltern-Trophy 2022 Open B"]
[Site "Kaltern"]
[Date "2022.10.23"]
[Round "5"]
[Board "3"]
[White "Predan, Luca"]
[Black "Budai, Leonardo"]
[Result "1/2-1/2"]
[WhiteElo "1708"]
[BlackElo "1748"]
[PlyCount "80"]
[EventDate "2022.10.21"]
[EventRounds "5"]
[EventCountry "ITA"]

1. c4 c5 2. Nc3 Nc6 3. g3 g6 4. Bg2 Bg7 5. a3 e6 6. e4 Nge7 7. Nge2 O-O 8. O-O a6
9. Rb1 Rb8 10. b4 cxb4 11. axb4 b5 12. cxb5 axb5 13. d4 d5 14. exd5 Nxd5 15. Nxd5
exd5 16. Be3 Be6 17. Qb3 Qd7 18. Rfd1 Rfd8 19. Nc3 Ne7 20. f4 Nc8 21. Rd2 Nb6 22.
Bf1 Nc4 23. Bxc4 bxc4 24. Qb2 Bf5 25. Ra1 Bf8 26. b5 Rb6 27. Ra6 Rdb8 28. Rxb6 Rxb6
29. Rd1 h5 30. Ra1 Qb7 31. Ra5 Bd7 32. Kf2 Be7 33. Qa1 Rd6 34. Ra7 Qb6 35. Ra6 Qb7
36. Rxd6 Bxd6 37. Qa6 Qxa6 38. bxa6 Bc6 39. a7 Bc7 40. Na4 Kf8  1/2-1/2

[Event "5. Kaltern-Trophy 2022 Open B"]
[Site "Kaltern"]
[Date "2022.10.23"]
[Round "5"]
[Board "4"]
[White "Mancin, Michele"]
[Black "Ciani, Davide"]
[Result "1/2-1/2"]
[WhiteElo "1606"]
[BlackElo "1730"]
[PlyCount "156"]
[EventDate "2022.10.21"]
[EventRounds "5"]
[EventCountry "ITA"]

1. e4 e5 2. Nf3 Nc6 3. Bb5 a6 4. Ba4 Nf6 5. d3 d6 6. h3 Be7 7. c3 O-O 8. O-O b5 9.
Bc2 d5 10. Re1 dxe4 11. dxe4 Be6 12. Qxd8 Raxd8 13. Be3 Bc4 14. Bg5 Rfe8 15. a4 b4
16. Nbd2 Be6 17. a5 bxc3 18. bxc3 Rd6 19. Nb3 Nd7 20. Be3 f6 21. Nfd2 Rd8 22. Nf3
Bf8 23. g4 g5 24. Kg2 Kg7 25. Ng1 Ne7 26. Ne2 Ng6 27. Ng3 Nh4+ 28. Kf1 Bc4+ 29. Ne2
Rc6 30. Red1 Bd6 31. Nd2 Bxe2+ 32. Kxe2 Rxc3 33. Bd3 Nb8 34. Rdc1 Bb4 35. Rxc3 Bxc3
36. Rc1 Bxa5 37. Ra1 Bb4 38. Bxa6 Ng2 39. Bd3 Nf4+ 40. Bxf4 gxf4 41. Ra7 Rc8 42.
Bb5 Bc5 43. Rb7 Bb6 44. Nc4 Bc5 45. Na5 Kh6 46. Kf3 Rd8 47. Nb3 Bb6 48. h4 Nc6 49.
Ke2 Nd4+ 50. Nxd4 Rxd4 51. Kf3 Rd2 52. Be2 Rb2 53. Rb8 Rb3+ 54. Kg2 Kg6 55. h5+ Kg7
56. Rd8 Rc3 57. Rd7+ Kh6 58. Rf7 Rc6 59. Rd7 Ba5 60. Rd1 Rc2 61. Kf3 Bb4 62. Rd7
Rc6 63. Rd1 Rd6 64. Rxd6 Bxd6 65. Bc4 Kg7 66. Be6 h6 67. Ke2 Kf8 68. f3 Ba3 69. Kd3
Ke7 70. Bb3 Kd6 71. Kc4 Kc6 72. Ba4+ Kd6 73. Be8 c6 74. Bg6 Kc7 75. Be8 Kb6 76. Bd7
Be7 77. Bc8 Ka5 78. Bd7 Kb6  1/2-1/2

[Event "5. Kaltern-Trophy 2022 Open B"]
[Site "Kaltern"]
[Date "2022.10.23"]
[Round "5"]
[Board "5"]
[White "Budai, Federico"]
[Black "Lehner-Dittenberger, Sebastian"]
[Result "1-0"]
[WhiteElo "1666"]
[BlackElo "1720"]
[PlyCount "71"]
[EventDate "2022.10.21"]
[EventRounds "5"]
[EventCountry "ITA"]

1. e4 e5 2. Nf3 Nc6 3. Bc4 Bc5 4. c3 Nf6 5. d3 d6 6. h3 Be6 7. Bb3 Ne7 8. Nbd2 Ng6
9. Bxe6 fxe6 10. d4 exd4 11. cxd4 Bb4 12. Qa4+ Qd7 13. Qxb4 a5 14. Qc3 O-O 15. O-O
Nf4 16. Re1 b5 17. Nf1 b4 18. Qc2 N6h5 19. Bxf4 Nxf4 20. Qd1 Qf7 21. Re3 Qg6 22.
Ng3 Rf6 23. e5 Rf7 24. Qb1 Qh6 25. Ne2 Nd5 26. Re4 g6 27. Rh4 Qf8 28. Qe4 Rd8 29.
Ng5 Re7 30. Nxe6 Rxe6 31. Qxd5 Rde8 32. Nf4 c6 33. Nxe6 Qf7 34. Qxd6 Rxe6 35. Qd8+
Kg7 36. Qg5  1-0

[Event "5. Kaltern-Trophy 2022 Open B"]
[Site "Kaltern"]
[Date "2022.10.23"]
[Round "5"]
[Board "6"]
[White "Galise, Francesco"]
[Black "Kuespert, Erwin"]
[Result "0-1"]
[WhiteElo "1520"]
[BlackElo "1778"]
[PlyCount "124"]
[EventDate "2022.10.21"]
[EventRounds "5"]
[EventCountry "ITA"]

1. e4 a6 2. Nf3 d6 3. d4 g6 4. c3 Bg7 5. Bd3 e5 6. O-O Nc6 7. Be3 Bg4 8. d5 Nce7
9. Nbd2 Nf6 10. h3 Bc8 11. Re1 O-O 12. Nf1 Ne8 13. c4 f5 14. Bg5 h6 15. Bxe7 Qxe7
16. Rb1 f4 17. N1h2 g5 18. Bf1 h5 19. Nd2 Nf6 20. g4 fxg3 21. fxg3 Qf7 22. Bg2 Qg6
23. Rf1 Bd7 24. Qe2 Bh6 25. g4 hxg4 26. hxg4 Rf7 27. Rf2 Rh7 28. Bf3 Bf8 29. Nhf1
Be7 30. Ng3 Rf8 31. Nf5 Kf7 32. Rh2 Rfh8 33. Rxh7+ Qxh7 34. Qg2 Bxf5 35. exf5 Qh4
36. Rf1 Nd7 37. Rf2 Nc5 38. Qh2 Nd3 39. Qxh4 Rxh4 40. Rh2 Rxh2 41. Kxh2 Nxb2 42.
Be4 Na4 43. Bc2 Nc5 44. Ne4 Nxe4 45. Bxe4 Ke8 46. Kg2 Kd7 47. Kf2 c6 48. Ke3 Kc7
49. Kd3 Kb6 50. Kc3 Kc5 51. Bf3 Bf6 52. Be4 cxd5 53. cxd5 b5 54. a3 a5 55. Kd3 a4
56. Kd2 Kd4 57. Bd3 e4 58. Bxb5 Kxd5 59. Bxa4 Bb2 60. Bb3+ Ke5 61. a4 Ba3 62. a5
Bb4+  0-1

[Event "5. Kaltern-Trophy 2022 Open B"]
[Site "Kaltern"]
[Date "2022.10.23"]
[Round "5"]
[Board "7"]
[White "Casisa, Davide"]
[Black "Wenski, Wolfgang"]
[Result "1/2-1/2"]
[WhiteElo "1443"]
[BlackElo "1720"]
[PlyCount "134"]
[EventDate "2022.10.21"]
[EventRounds "5"]
[EventCountry "ITA"]

1. e4 c5 2. Bc4 e6 3. d3 a6 4. a3 b5 5. Bb3 Bb7 6. Nf3 d5 7. exd5 Bxd5 8. Bxd5 Qxd5
9. O-O Nd7 10. Nc3 Qc6 11. Ne4 Ngf6 12. Nxf6+ Nxf6 13. Qe2 Bd6 14. Bd2 O-O 15. Bc3
Nd5 16. Qe4 Qc7 17. Be5 Bxe5 18. Qxe5 Qxe5 19. Nxe5 Rfd8 20. c4 Ne7 21. Rfd1 f6 22.
Nf3 e5 23. Rac1 b4 24. axb4 cxb4 25. b3 Nc6 26. Nh4 g6 27. g3 Nd4 28. Kf1 a5 29.
Rb1 Kf7 30. Ng2 a4 31. bxa4 Rxa4 32. Ne3 b3 33. Nd5 Ra2 34. Nb4 Ra3 35. Rd2 Rda8
36. Rdb2 Ra1 37. h4 h5 38. Nd5 Rxb1+ 39. Rxb1 Ra2 40. f4 Rh2 41. Nc3 exf4 42. gxf4
Rxh4 43. Kf2 Rxf4+ 44. Ke3 Rh4 45. Ne4 Nf5+ 46. Kd2 b2 47. Kc3 Rh2 48. Nd2 Re2 49.
Rxb2 h4 50. Rb7+ Re7 51. Rb1 g5 52. Rf1 Ng3 53. Rf3 Kg6 54. c5 g4 55. Rf2 h3 56.
Kc4 Nf5 57. Ne4 g3 58. Nxg3 Nxg3 59. Rh2 Rh7 60. c6 Nf1 61. Rh1 Nd2+ 62. Kd5 h2 63.
c7 Rxc7 64. Rxh2 Nf3 65. Rf2 Ne5 66. Ke6 Nxd3 67. Rxf6+ Kg5  1/2-1/2

[Event "5. Kaltern-Trophy 2022 Open B"]
[Site "Kaltern"]
[Date "2022.10.23"]
[Round "5"]
[Board "8"]
[White "Tomio, Dante"]
[Black "Morganti, Lionello"]
[Result "1/2-1/2"]
[WhiteElo "1678"]
[BlackElo "1594"]
[PlyCount "99"]
[EventDate "2022.10.21"]
[EventRounds "5"]
[EventCountry "ITA"]

1. d4 Nf6 2. c4 g6 3. g3 Bg7 4. Bg2 c5 5. d5 d6 6. Nc3 a6 7. Nf3 Nbd7 8. O-O Ng4
9. h3 Ngf6 10. e4 Rb8 11. a4 O-O 12. Re1 Qc7 13. Bd2 Ne5 14. Nxe5 dxe5 15. Be3 Ne8
16. Qd2 Nd6 17. b3 Bd7 18. Kh2 a5 19. Ra2 b6 20. Rh1 f6 21. f3 Rf7 22. g4 Rbf8 23.
h4 f5 24. gxf5 gxf5 25. Bh6 f4 26. Bxg7 Rxg7 27. Raa1 Kh8 28. Rag1 Qd8 29. Qf2 Rfg8
30. Bh3 Bxh3 31. Rxg7 Rxg7 32. Kxh3 Rg3+ 33. Kh2 e6 34. Qxg3 fxg3+ 35. Kxg3 exd5
36. Nxd5 Nc8 37. Kf2 Ne7 38. h5 Nxd5 39. exd5 Qg5 40. Rd1 Qxh5 41. d6 Qe8 42. d7
Qd8 43. Ke3 Kg7 44. Ke4 Kf7 45. Kxe5 Qf6+ 46. Ke4 Qe6+ 47. Kf4 Qf6+ 48. Ke4 Qd8 49.
Kf5 h5 50. f4  1/2-1/2

[Event "5. Kaltern-Trophy 2022 Open B"]
[Site "Kaltern"]
[Date "2022.10.23"]
[Round "5"]
[Board "9"]
[White "Zanin, Luca"]
[Black "Posch, Thomas"]
[Result "1-0"]
[WhiteElo "1669"]
[BlackElo "1850"]
[PlyCount "27"]
[EventDate "2022.10.21"]
[EventRounds "5"]
[EventCountry "ITA"]

1. d4 g6 2. Nf3 Bg7 3. e3 d6 4. Bd3 Nc6 5. c3 e5 6. Nbd2 Nge7 7. Qc2 a6 8. Rb1 b6
9. b3 b5 10. a3 Rb8 11. Bb2 O-O 12. O-O Be6 13. Rbd1 Qd7 14. Rfe1  1-0

[Event "5. Kaltern-Trophy 2022 Open B"]
[Site "Kaltern"]
[Date "2022.10.23"]
[Round "5"]
[Board "10"]
[White "Straub, Jochen"]
[Black "Cescatti, Riccardo"]
[Result "1-0"]
[WhiteElo "1752"]
[BlackElo "1536"]
[PlyCount "47"]
[EventDate "2022.10.21"]
[EventRounds "5"]
[EventCountry "ITA"]

1. f4 e5 2. fxe5 d6 3. Nf3 dxe5 4. e4 Bg4 5. Bc4 Qf6 6. O-O Qb6+ 7. Kh1 f6 8. Nc3
Ne7 9. Bf7+ Kd8 10. d3 Be6 11. Bxe6 Qxe6 12. d4 Kc8 13. dxe5 fxe5 14. Ng5 Qd7 15.
Qf3 Qe8 16. Nf7 Rg8 17. Nxe5 c6 18. Qh3+ Kc7 19. Bf4 g5 20. Bg3 g4 21. Nxg4+ Kb6
22. Nf6 Rxg3 23. Qxg3 Qc8 24. Rad1  1-0

[Event "5. Kaltern-Trophy 2022 Open B"]
[Site "Kaltern"]
[Date "2022.10.23"]
[Round "5"]
[Board "11"]
[White "Riedelsheimer, Julia"]
[Black "Cebanu, Alice"]
[Result "0-1"]
[WhiteElo "1682"]
[BlackElo "1354"]
[PlyCount "94"]
[EventDate "2022.10.21"]
[EventRounds "5"]
[EventCountry "ITA"]

1. b3 d5 2. Bb2 Nc6 3. e3 Nf6 4. Bb5 Bd7 5. Nf3 e6 6. O-O Bd6 7. Be2 O-O 8. c4 Re8
9. Na3 a6 10. Nc2 e5 11. cxd5 Nxd5 12. d4 e4 13. Nd2 Qh4 14. g3 Qh3 15. Re1 h5 16.
Bf1 Qf5 17. h4 Re6 18. Bg2 Nf6 19. Nc4 Nd5 20. Nxd6 cxd6 21. a3 Rf6 22. Rf1 Qg6 23.
Kh2 Re8 24. Rc1 Bg4 25. Qd2 Bf3 26. Ne1 Qh6 27. Nxf3 exf3 28. Bh3 g5 29. hxg5 Qxg5
30. Rg1 Re4 31. Rce1 Rg4 32. Qd3 Kh8 33. e4 Nf4 34. Qe3 Nxh3 35. Qxg5 Nxg5 36. d5
Ne5 37. Rc1 Nxe4 38. Rc2 h4 39. Kh3 Ng5+ 40. Kh2 hxg3+ 41. Rxg3 Rh6+ 42. Kg1 Rgh4
43. Kf1 Rh1+ 44. Rg1 Rxg1+ 45. Kxg1 Nh3+ 46. Kh2 Nxf2+ 47. Kg3 Nfd3  0-1

[Event "5. Kaltern-Trophy 2022 Open B"]
[Site "Kaltern"]
[Date "2022.10.23"]
[Round "5"]
[Board "12"]
[White "Taufer, Livio"]
[Black "Florian, Andreas"]
[Result "0-1"]
[WhiteElo "1534"]
[BlackElo "1678"]
[PlyCount "46"]
[EventDate "2022.10.21"]
[EventRounds "5"]
[EventCountry "ITA"]

1. e4 e6 2. d4 d5 3. exd5 exd5 4. Nf3 Nc6 5. Bb5 Bd6 6. Nc3 Nge7 7. Bg5 f6 8. Be3
Bg4 9. a3 Qd7 10. Be2 O-O-O 11. Nb5 Nf5 12. Nxd6+ Qxd6 13. h3 Nxe3 14. fxe3 Bf5 15.
Kf2 h5 16. Nh4 Be4 17. Bd3 Rde8 18. Nf5 Qd7 19. Bxe4 Rxe4 20. Ng3 Re7 21. Qf3 h4
22. Nf1 g5 23. Ke2 Nxd4+  0-1

[Event "5. Kaltern-Trophy 2022 Open B"]
[Site "Kaltern"]
[Date "2022.10.23"]
[Round "5"]
[Board "13"]
[White "Gouali, Ameziane"]
[Black "Lehner-Dittenberger, Paul"]
[Result "0-1"]
[WhiteElo "1572"]
[BlackElo "1644"]
[PlyCount "68"]
[EventDate "2022.10.21"]
[EventRounds "5"]
[EventCountry "ITA"]

1. e4 b6 2. d4 Bb7 3. Nd2 Nf6 4. Bd3 e6 5. Ngf3 d5 6. e5 Nfd7 7. O-O c5 8. c3 Nc6
9. a3 Be7 10. Re1 Qc7 11. Nf1 a5 12. Ng3 O-O-O 13. b4 c4 14. Bc2 h6 15. bxa5 Nxa5
16. a4 Rdg8 17. Bb2 g5 18. Nh5 g4 19. Nd2 Rg5 20. Ng3 h5 21. Qc1 h4 22. Ne2 f6 23.
Ba3 Bxa3 24. Rxa3 fxe5 25. Ra2 Rhg8 26. g3 hxg3 27. fxg3 Rh5 28. dxe5 Qc5+ 29. Nd4
Nc6 30. Qb2 Rxe5 31. Rxe5 Ncxe5 32. Kg2 Rf8 33. Qb5 Qe7 34. Nb1 Qf7  0-1

[Event "5. Kaltern-Trophy 2022 Open B"]
[Site "Kaltern"]
[Date "2022.10.23"]
[Round "5"]
[Board "14"]
[White "Galow, Michael"]
[Black "Tomisich, Claudio"]
[Result "1-0"]
[WhiteElo "1746"]
[BlackElo "1438"]
[PlyCount "75"]
[EventDate "2022.10.21"]
[EventRounds "5"]
[EventCountry "ITA"]

1. d4 Nf6 2. Bf4 d5 3. e3 Bf5 4. c4 e6 5. Qb3 Nbd7 6. Nc3 Bd6 7. Bxd6 cxd6 8. cxd5
exd5 9. Nge2 Nb6 10. Ng3 Bd7 11. Bd3 O-O 12. O-O Be6 13. a4 Ne4 14. Qc2 f5 15. f3
Nxg3 16. hxg3 Qg5 17. Kf2 Nc4 18. f4 Qd8 19. b3 Na5 20. Rh1 h6 21. Rh5 Rc8 22. b4
Nc6 23. Qb3 Ne7 24. Rhh1 Qc7 25. Rhc1 a6 26. Rc2 Qb8 27. Rac1 Rc7 28. b5 axb5 29.
Nxb5 Rxc2+ 30. Rxc2 Bd7 31. Qb4 Rf6 32. Qa5 Nc6 33. Qc3 Qa8 34. Qa3 Qb8 35. Nc3 Ne7
36. Rb2 Rf7 37. Bb5 Bxb5 38. Rxb5  1-0

[Event "5. Kaltern-Trophy 2022 Open B"]
[Site "Kaltern"]
[Date "2022.10.23"]
[Round "5"]
[Board "15"]
[White "Marinig, Lorenzo"]
[Black "Aab, Manfred"]
[Result "0-1"]
[WhiteElo "1257"]
[BlackElo "1706"]
[PlyCount "65"]
[EventDate "2022.10.21"]
[EventRounds "5"]
[EventCountry "ITA"]

1. d4 Nf6 2. Bf4 g6 3. c4 Bg7 4. e3 O-O 5. Nf3 c5 6. Bd3 cxd4 7. exd4 d5 8. c5 Nc6
9. Be2 Re8 10. O-O Nh5 11. Be3 Nf6 12. Nc3 b6 13. Bb5 Bd7 14. Bxc6 Bxc6 15. b4 bxc5
16. bxc5 Nd7 17. Bf4 h6 18. Re1 Nf6 19. Ne5 Bb7 20. Rb1 Bc8 21. Qb3 Be6 22. Nf3 Ne4
23. Qc2 Bf5 24. Rb7 Nxc5 25. Qxf5 gxf5 26. dxc5 Bxc3 27. Rc1 d4 28. Bxh6 Qd5 29.
Rc7 a5 30. c6 Rac8 31. Rxc8 Rxc8 32. h3 Rxc6 33. Rc2  0-1

[Event "5. Kaltern-Trophy 2022 Open B"]
[Site "Kaltern"]
[Date "2022.10.23"]
[Round "5"]
[Board "16"]
[White "Comisso, Daniele"]
[Black "Stivaletta, Andrea"]
[Result "1-0"]
[WhiteElo "1475"]
[BlackElo "1667"]
[PlyCount "61"]
[EventDate "2022.10.21"]
[EventRounds "5"]
[EventCountry "ITA"]

1. e4 e5 2. Nf3 Nc6 3. d4 exd4 4. Nxd4 Bc5 5. Nb3 Bb6 6. Nc3 Nf6 7. Bc4 Ne5 8. Bd3
Nfg4 9. Be3 Bxe3 10. fxe3 Nxe3 11. Qe2 N3g4 12. O-O-O d6 13. h3 Nf6 14. g4 h6 15.
Nd4 Nxd3+ 16. Qxd3 O-O 17. Nf3 Bd7 18. Rhg1 Nh7 19. h4 g5 20. hxg5 Nxg5 21. Kb1 Nxf3
22. Qxf3 Qg5 23. Rd5 Qg6 24. Rh5 Kg7 25. g5 Kg8 26. Rxh6 Qg7 27. Nd5 Rfc8 28. Ne7+
Kf8 29. Nxc8 Rxc8 30. Qf6 Ke8 31. Rh8+  1-0

[Event "5. Kaltern-Trophy 2022 Open B"]
[Site "Kaltern"]
[Date "2022.10.23"]
[Round "5"]
[Board "17"]
[White "Boaron, Arianna"]
[Black "Huchler, Stefan"]
[Result "1/2-1/2"]
[WhiteElo "1381"]
[BlackElo "1539"]
[PlyCount "57"]
[EventDate "2022.10.21"]
[EventRounds "5"]
[EventCountry "ITA"]

1. e4 c6 2. d4 d5 3. exd5 cxd5 4. c4 Nf6 5. Nc3 e6 6. Bf4 Be7 7. c5 b6 8. Bb5+ Bd7
9. Nf3 bxc5 10. Bxd7+ Nbxd7 11. O-O O-O 12. Nb5 Qb6 13. Qa4 cxd4 14. Bc7 Qb7 15.
Bd6 Bxd6 16. Nxd6 Qxb2 17. Rab1 Qc3 18. Rfc1 Qd3 19. Rb4 Qg6 20. Nxd4 Nb6 21. Qb3
Qg5 22. Qc3 Qe5 23. N6b5 Rac8 24. Qd2 Rxc1+ 25. Qxc1 Nc4 26. Nc6 Qe2 27. Nc3 Qh5
28. h3 h6 29. Qb1  1/2-1/2

[Event "5. Kaltern-Trophy 2022 Open B"]
[Site "Kaltern"]
[Date "2022.10.23"]
[Round "5"]
[Board "18"]
[White "Ribechi, Federico"]
[Black "Danti, Alessandro"]
[Result "0-1"]
[WhiteElo "999"]
[BlackElo "1534"]
[PlyCount "76"]
[EventDate "2022.10.21"]
[EventRounds "5"]
[EventCountry "ITA"]

1. e4 e6 2. Nf3 d5 3. exd5 exd5 4. d4 Bg4 5. Be2 Bd6 6. Nbd2 Ne7 7. c4 c6 8. O-O
O-O 9. Ne5 Bxe2 10. Qxe2 Nd7 11. c5 Bxe5 12. dxe5 Nxc5 13. b4 Ne6 14. Nb3 Ng6 15.
g3 Re8 16. a3 Ng5 17. f4 Ne4 18. Bb2 Ne7 19. Rad1 Nf5 20. Qxe4 dxe4 21. Rxd8 Raxd8
22. Re1 Rd3 23. Nc5 Rd2 24. Bc1 Rc2 25. Be3 Nxe3 26. Rxe3 Rd8 27. Re1 e3 28. Nb3
Rb2 29. Nc1 Rdd2 30. f5 e2 31. Kf2 Rd1 32. Nxe2 Rxe1 33. Kxe1 Ra2 34. g4 Rxa3 35.
Kf2 Rb3 36. g5 Rxb4 37. Kf3 a5 38. h4 a4  0-1

[Event "5. Kaltern-Trophy 2022 Open B"]
[Site "Kaltern"]
[Date "2022.10.23"]
[Round "5"]
[Board "19"]
[White "Saroldi, Giacomo"]
[Black "Giusti, Francesco"]
[Result "1-0"]
[WhiteElo "1500"]
[BlackElo "1499"]
[PlyCount "51"]
[EventDate "2022.10.21"]
[EventRounds "5"]
[EventCountry "ITA"]

1. e4 e5 2. Nc3 Nf6 3. f4 d6 4. Nf3 Bg4 5. Bc4 Be7 6. O-O O-O 7. d3 Nc6 8. Ne2 a6
9. c3 Na5 10. Bb3 Nxb3 11. axb3 Nd7 12. f5 g6 13. Bh6 Re8 14. h3 Bxf3 15. gxf3 Bg5
16. Bxg5 Qxg5+ 17. Kf2 Qh4+ 18. Ng3 Nf6 19. Rg1 Nh5 20. Qf1 Nf4 21. Ke3 Nxh3 22.
Rh1 Qf4+ 23. Ke2 Ng5 24. Qf2 h5 25. Rag1 Nh7 26. Nxh5  1-0

[Event "5. Kaltern-Trophy 2022 Open B"]
[Site "Kaltern"]
[Date "2022.10.23"]
[Round "5"]
[Board "20"]
[White "Sartori, Stefano"]
[Black "Gasparro, Antonio"]
[Result "1/2-1/2"]
[WhiteElo "1229"]
[BlackElo "1569"]
[PlyCount "35"]
[EventDate "2022.10.21"]
[EventRounds "5"]
[EventCountry "ITA"]

1. d4 Nf6 2. e3 e6 3. Bd3 d5 4. f4 c5 5. c3 Nc6 6. Nf3 Bd6 7. O-O Qc7 8. Ne5 cxd4
9. exd4 Bd7 10. Nd2 Ne7 11. Ndf3 Ng6 12. Qe2 Nh5 13. Ng5 f6 14. Bxg6+ hxg6 15. Nxd7
Qxd7 16. Qxe6+ Qxe6 17. Nxe6 Kf7 18. Nc5  1/2-1/2

[Event "5. Kaltern-Trophy 2022 Open B"]
[Site "Kaltern"]
[Date "2022.10.23"]
[Round "5"]
[Board "21"]
[White "Cavallaro, Manlio"]
[Black "Kofler, Albin Ernst"]
[Result "1-0"]
[WhiteElo "1292"]
[BlackElo "1498"]
[PlyCount "77"]
[EventDate "2022.10.21"]
[EventRounds "5"]
[EventCountry "ITA"]

1. e4 b6 2. d4 Bb7 3. Nc3 e6 4. Nf3 g6 5. Bd3 Bg7 6. Be3 a6 7. Qd2 h6 8. h4 Ne7 9.
g4 Nbc6 10. a3 Na5 11. Ke2 d6 12. b4 Nac6 13. Bc4 d5 14. Bb3 dxe4 15. Nxe4 Nd5 16.
Rad1 Nxe3 17. Qxe3 Ne7 18. Rhg1 Nd5 19. Bxd5 Qxd5 20. Kd3 b5 21. c3 O-O-O 22. Nfd2
f5 23. Nc5 e5 24. gxf5 exd4 25. Qe6+ Kb8 26. Qxd5 Rxd5 27. Rxg6 dxc3+ 28. Ke2 Be5
29. Nxb7 Kxb7 30. Nf3 Rxd1 31. Kxd1 Bf4 32. f6 Rf8 33. Kc2 Rf7 34. Kxc3 Kb6 35. Kd4
a5 36. Ke4 Bc1 37. Ne5 axb4 38. axb4 c5 39. bxc5+  1-0

[Event "5. Kaltern-Trophy 2022 Open C"]
[Site "Kaltern"]
[Date "2022.10.21"]
[Round "1.3"]
[White "Licandro, Michele"]
[Black "Giacomazzi, Anna"]
[Result "0-1"]
[WhiteElo "1452"]
[BlackElo "1178"]
[PlyCount "120"]
[EventDate "2022.10.21"]

1. d4 d5 2. f4 c6 3. Nf3 e6 4. e3 f5 5. Bd3 Nf6 6. O-O Bd6 7. Ne5 O-O 8. Bd2 Nbd7 9. Be1 b6 10. Nd2 c5 11. c3 Bb7 12. Bh4 Qe8 13. Bb5 a6 14. Be2 Rc8 15. Ndf3 cxd4 16. exd4 b5 17. Nxd7 Qxd7 18. Ne5 Qe8 19. Rf3 Ne4 20. Rh3 Kh8 21. Bh5 g6 22. Bf3 b4 23. Bxe4 fxe4 24. Bg5 bxc3 25. bxc3 Bxe5 26. fxe5 Rf5 27. Bf6+ Kg8 28. Qg4 Bc6 29. Rh6 Bb5 30. Qh3 Qf7 31. Rc1 Bd3 32. Qg3 Rb8 33. h4 Kf8 34. h5 Rxh5 35. Rxh5 gxh5 36. Qg5 Ke8 37. Kh2 Rb2 38. a4 Ra2 39. a5 Rxa5 40. Bd8 Ra2 41. Kg3 Qf2+ 42. Kh3 Qf7 43. Rg1 h6 44. Qh4 Qf5+ 45. Kg3 Qf2+ 46. Kh3 Qxh4+ 47. Bxh4 e3 48. Kg3 Rc2 49. Kf3 e2 50. Ke3 Bb5 51. Be1 a5 52. Bd2 a4 53. Rb1 Ba6 54. Rb6 Bc4 55. Rxe6+ Kf7 56. Rxh6 a3 57. Rh7+ Ke6 58. Ra7 a2 59. Ra5 Rc1 60. Bxc1 e1=Q+ 0-1